Entre la regla y la excepcin̤

Bibliographic Details
Main Author: Sc̀hica, Luis Carlos
Format: Unknown
Language:Spanish
Published: Bogot ̀: Centro Editorial Universidad del Rosario, 2005
Subjects:
Online Access:Acceso restringido

MARC

LEADER 00000ny a22000003n 4500
005 20110621122333.0
008 070524s2005 ck 000 0 spa
020 |a 9789588225715 
035 |a 2780 
040 |d vlex 
080 |a 340.1 
090 |c 1276  |d 1276 
100 1 |a Sc̀hica, Luis Carlos 
245 1 0 |a Entre la regla y la excepcin̤  |h [Recurso electrn̤ico]  |c Luis Carlos Sc̀hica 
256 |a Servicio en ln̕ea 
260 |a Bogot ̀:  |b Centro Editorial Universidad del Rosario,  |c 2005 
300 |a v. 
506 1 |a Contenido solo disponible en los productos indicados  |d vLex Global  |d vLex Global (Academic Edition, excluding Law Schools)  |d vLex Global (U.S. Academic Edition, Law Schools)  |d vLex Global (U.S. Academic Edition, excluding Law Schools)  |d vLex Global (Academic Edition, Law Schools) 
650 0 4 |a Derecho  |x Filosofa̕ 
740 0 |a vLex Libros (Servicios en ln̕ea) 
856 4 0 |u http://vlex.com/source/2780  |z Acceso restringido 
942 |c BOOK 
999 0 4 |a Ciencia polt̕ica. 
999 0 4 |a Derecho. 
999 0 4 |a Filosofa̕.